Hereros : pastores ancestrales de Angola /
Catálogo de exposición que tuvo lugar en el Palacio de Minería, a partir de junio de 2015, por parte de la Facultad de Ingeniería de la UNAM. En ella se presentaron imágenes fotográficas del brasileño Sérgio Guerra, quien, por varias temporadas convivió con los pastores angoleños observando y fotogr...
Guardado en:
| Hovedforfatter: | |
|---|---|
| Andre forfattere: | |
| Format: | Bog |
| Sprog: | spansk |
| Udgivet: |
México :
UNAM, Facultad de Ingeniería,
2015
|
| Fag: | |
| Tags: |
Ingen Tags, Vær først til at tagge denne postø!
|
MARC
| LEADER | 00000nam^a2200000^a^4500 | ||
|---|---|---|---|
| 001 | 000442046 | ||
| 005 | 20250526000000.0 | ||
| 009 | 20260526145109.997 | ||
| 037 | |a Acervo ITESO - Biblioteca | ||
| 041 | |a GRA | ||
| 041 | |a ESP | ||
| 082 | |a 770. 981 |b GUE ARA | ||
| 100 | |a Guerra, Sérgio |e (fotógrafo) | ||
| 245 | 1 | 0 | |a Hereros : |b pastores ancestrales de Angola / |c Fotografía de S. Guerra ; texto de E. Araujo... [et al.] ; presen. de Carlos Agustín Escalante Sandoval. |
| 264 | 1 | |a México : |b UNAM, Facultad de Ingeniería, |c 2015 | |
| 300 | |a 79 p. ; |c 30.0 cm. | ||
| 336 | |a texto |b txt |2 rdacontenido | ||
| 337 | |a sin mediación |b n |2 rdamedio | ||
| 338 | |a volumen |b nc |2 rdasoporte | ||
| 520 | |a Catálogo de exposición que tuvo lugar en el Palacio de Minería, a partir de junio de 2015, por parte de la Facultad de Ingeniería de la UNAM. En ella se presentaron imágenes fotográficas del brasileño Sérgio Guerra, quien, por varias temporadas convivió con los pastores angoleños observando y fotografiando sus prácticas cotidianas y siendo testigo de momentos decisivos de su lucha por la paz; esta colección fotográfica muestra la vida nómada, los ritos y la economía pastoril de diferentes grupos del pueblo Herero. | ||
| 546 | |a Edición gráfica con texto en español | ||
| 649 | |a XX | ||
| 650 | |a Fotógrafos Brasileños | ||
| 650 | |a Artistas Brasileños | ||
| 650 | |a Pastores - |z Angola - |x Fotografías | ||
| 650 | |a Nómadas - |z Angola - |x Fotografías | ||
| 650 | |a Ganaderos - |z Angola - |x Fotografías | ||
| 650 | |a Herero (Grupo Etnico) - |x Fotografías - |x Tema Principal | ||
| 650 | |a Grupos Etnicos - |z Africa - |x Fotografías | ||
| 650 | |a Prácticas Culturales - |z Angola | ||
| 650 | |a Palacio de Minería (Ciudad de México) | ||
| 650 | |a Museos y Galerías - |z México (Ciudad) - |x Catálogos | ||
| 650 | |a Etnografía | ||
| 650 | |a Fotografía Antropológica - |z Brasil | ||
| 650 | |a Fotografía Brasileña - |y 1990-1999 | ||
| 650 | |a Fotografía Brasileña - |y 2000-2009 | ||
| 650 | |a Fotografía Brasileña - |y Siglo XX | ||
| 650 | |a Fotografía Brasileña - |y Siglo XXI | ||
| 650 | |a Arte Brasileño - |y 1990-1999 | ||
| 650 | |a Arte Brasileño - |y 2000-2009 | ||
| 650 | |a Arte Brasileño - |y Siglo XX | ||
| 650 | |a Arte Brasileño - |y Siglo XXI | ||
| 650 | |a Guerra, Sérgio | ||
| 700 | |a Araujo, Emanoel |e (texto) | ||
| 910 | |a Fondo Pedro Valtierra | ||
| 920 | |a Impresos - Libros | ||
| 930 | |a Libros Antiguos y Raros | ||
| 905 | |a 129 | ||
| 901 | |a 0500368865 |b IT2 |c LRA |i D |u 20250526 | ||
| 902 | |a https://opac.biblio.iteso.mx/vufind/Record/000442046 | ||